000 02059nam0a2200349 i 4500
001 RU\NLR\BIBL_A\011221230
005 20241102061858.0
010 _a9785990863880
_9100
021 _aRU
_b2016-70786
_94564
035 _a(NILC)RuMoRGB-008618973
035 _a(NLR Aleph) 011221230
090 _a12026035
_c12026035
100 _a20160929d2016 u y0rusy50 ca
101 0 _arus
102 _aRU
105 _aa|||j|||000yy
200 1 _aНелекарственные методы терапии: современные и традиционные подходы
_eучебно-методическое пособие
_fТатаринцева Р.Я., Омельчук Н.Н., Писаревский И.Е. [и др.]
_gФедер. гос. бюджет. образоват. учреждение высш. проф. образования Рос. ун-т дружбы народов, Мед. ин-т, Фак. повыш. квалификации мед. работников, Каф. клинической физиологии и нелекарственных методов терапии
210 _aМосква
_cМеждународный научно-инновационный центр
_d2016
215 _a215 с.
_cил.
_d29
300 _aПеред. вып. дан. авт.: Татаринцева Р.Я., проф., д.м.н., Омельчук Н.Н., проф., к.б.н., Писаревский И.Е., доц. [и др.]
320 _aБиблиогр.: с. 198-214 (172 назв.)
606 _aВосстановительная терапия
_jУчебно-методические пособия
_91253995
_3RU\NLR\AUTH\66196574
675 _a61
686 1 _aР35я77
701 1 _aТатаринцева
_bР. Я.
_gРаиса Яковлевна
701 1 _aОмельчук
_bН.Н.
_gНадежда Николаевна
701 1 _aПисаревский
_bИ.Е.
_gИгорь Евгеньевич
801 0 _aRU
_bРГБ
_c20160915
_gRCR
942 _cBOOK
980 _aNBR